[Event "CZE-ch U16 Girls"]
[Site "Luhacovice"]
[Date "2022.03.15"]
[Round "5"]
[White "Folkova, Marketa"]
[Black "Nespora, Tatana"]
[Result "0-1"]
[WhiteElo "1011"]
[BlackElo "1452"]
[PlyCount "52"]
[EventDate "2022.03.12"]
[EventType "swiss"]
[EventRounds "9"]
[EventCountry "CZE"]
[SourceTitle "EXT 2023"]
[Source "ChessBase"]
[SourceDate "2022.10.05"]
[SourceVersion "1"]
[SourceVersionDate "2022.10.05"]
[SourceQuality "1"]

1. e4 c5 2. Nf3 Nc6 3. d4 cxd4 4. Nxd4 Nf6 5. Nc3 e5 6. Nb3 Bb4 7. Bd3 d5 8. Bd2 d4 9. Ne2 Bxd2+ 10. Qxd2 Ng4 11. h3 Qh4 12. Ng3 Nh6 13. Na5 0-0 14. Nxc6 bxc6 15. Qa5 Qf4 16. Qc7 Kh8 17. Qxc6 Rb8 18. b3 Bb7 19. Qc5 Rfe8 20. Ne2 Qg5 21. g3 f5 22. f4 exf4 23. gxf4 Qh4+ 24. Kd2 fxe4 25. Bb5 e3+ 26. Kd3 Be4+ 0-1

[Event "CZE-ch U16 Girls"]
[Site "Luhacovice"]
[Date "2022.03.13"]
[Round "2"]
[White "Seda, Michaela"]
[Black "Folkova, Marketa"]
[Result "1-0"]
[WhiteElo "1364"]
[BlackElo "1011"]
[PlyCount "29"]
[EventDate "2022.03.12"]
[EventType "swiss"]
[EventRounds "9"]
[EventCountry "CZE"]
[SourceTitle "EXT 2023"]
[Source "ChessBase"]
[SourceDate "2022.10.05"]
[SourceVersion "1"]
[SourceVersionDate "2022.10.05"]
[SourceQuality "1"]

1. e4 e5 2. Nf3 Nc6 3. Bb5 a6 4. Bxc6 dxc6 5. 0-0 Bg4 6. h3 h5 7. d3 Qf6 8. Nbd2 Be6 9. Nb3 Bd6 10. Kh1 Ne7 11. Qe2 Nc8 12. d4 Nb6 13. dxe5 Bc4 14. Qxc4 Nxc4 15. exf6 1-0

[Event "CZE-ch U12 Girls"]
[Site "Kouty nad Desnou"]
[Date "2017.03.18"]
[Round "9"]
[White "Klausova, Katerina"]
[Black "Folkova, Marketa"]
[Result "1-0"]
[WhiteElo "1000"]
[BlackElo "1060"]
[PlyCount "67"]
[EventDate "2017.03.11"]
[EventType "swiss"]
[EventRounds "9"]
[EventCountry "CZE"]
[SourceTitle "CBM 177 Extra"]
[Source "ChessBase"]
[SourceDate "2017.04.27"]
[SourceVersion "1"]
[SourceVersionDate "2017.04.27"]
[SourceQuality "1"]

1. d4 d5 2. Nc3 Nf6 3. e3 Bf5 4. Bb5+ c6 5. Bd3 Bxd3 6. cxd3 e6 7. Nf3 Bd6 8. 0-0 Nbd7 9. e4 dxe4 10. dxe4 e5 11. Be3 0-0 12. Rc1 Qc7 13. Re1 exd4 14. Bxd4 Rfe8 15. Qd2 c5 16. Be3 Ne5 17. Nxe5 Rxe5 18. Bf4 Rae8 19. Qe3 Rh5 20. g3 Bxf4 21. Qxf4 Qxf4 22. gxf4 Ng4 23. f3 Nh6 24. Rcd1 g6 25. Rd2 Re6 26. Red1 Rf6 27. Ne2 g5 28. f5 g4 29. Rd8+ Kg7 30. Re8 gxf3 31. Ng3 f2+ 32. Kxf2 Rxh2+ 33. Kf3 Rxb2 34. Nh5# 1-0

[Event "CZE-ch U12 Girls"]
[Site "Kouty nad Desnou"]
[Date "2017.03.17"]
[Round "8"]
[White "Folkova, Marketa"]
[Black "Pluharova, Asja"]
[Result "1/2-1/2"]
[WhiteElo "1060"]
[BlackElo "1000"]
[PlyCount "40"]
[EventDate "2017.03.11"]
[EventType "swiss"]
[EventRounds "9"]
[EventCountry "CZE"]
[SourceTitle "CBM 177 Extra"]
[Source "ChessBase"]
[SourceDate "2017.04.27"]
[SourceVersion "1"]
[SourceVersionDate "2017.04.27"]
[SourceQuality "1"]

1. e4 c5 2. Nf3 d6 3. Bc4 Nf6 4. Nc3 e6 5. d3 Be7 6. 0-0 0-0 7. Bg5 Nc6 8. Nd2 a6 9. Qf3 b5 10. e5 Nd4 11. Qg3 bxc4 12. exf6 Bxf6 13. Nde4 Bxg5 14. Nxg5 Nxc2 15. Rac1 cxd3 16. Qxd3 Qxg5 17. Rxc2 Bb7 18. f3 Rad8 19. Ne4 Qg6 20. Rd1 d5 1/2-1/2

[Event "CZE-ch U12 Girls"]
[Site "Kouty nad Desnou"]
[Date "2017.03.16"]
[Round "7"]
[White "Voriskova, Anna"]
[Black "Folkova, Marketa"]
[Result "1-0"]
[WhiteElo "1080"]
[BlackElo "1060"]
[PlyCount "57"]
[EventDate "2017.03.11"]
[EventType "swiss"]
[EventRounds "9"]
[EventCountry "CZE"]
[SourceTitle "CBM 177 Extra"]
[Source "ChessBase"]
[SourceDate "2017.04.27"]
[SourceVersion "1"]
[SourceVersionDate "2017.04.27"]
[SourceQuality "1"]

1. e4 e5 2. Nf3 Nc6 3. Bb5 a6 4. Bxc6 dxc6 5. 0-0 Bg4 6. d3 Bc5 7. Nc3 Nf6 8. Bg5 0-0 9. Re1 Qe7 10. h3 Bh5 11. Qe2 Qe6 12. Rad1 Rad8 13. Be3 Bxe3 14. Qxe3 Ne8 15. Rd2 Nd6 16. b3 Nb5 17. Nxb5 cxb5 18. c3 f5 19. exf5 Qxf5 20. Nxe5 Rde8 21. Qg3 Kh8 22. d4 b6 23. Qh4 c5 24. Qe4 Qxe4 25. Rxe4 Rf5 26. g4 Rg5 27. Kh2 Bxg4 28. hxg4 Rxg4 29. Rxg4 1-0

[Event "CZE-ch U12 Girls"]
[Site "Kouty nad Desnou"]
[Date "2017.03.14"]
[Round "5"]
[White "Vlachynska, Lilian"]
[Black "Folkova, Marketa"]
[Result "0-1"]
[WhiteElo "1000"]
[BlackElo "1060"]
[PlyCount "134"]
[EventDate "2017.03.11"]
[EventType "swiss"]
[EventRounds "9"]
[EventCountry "CZE"]
[SourceTitle "CBM 177 Extra"]
[Source "ChessBase"]
[SourceDate "2017.04.27"]
[SourceVersion "1"]
[SourceVersionDate "2017.04.27"]
[SourceQuality "1"]

1. e4 e5 2. Nf3 Nc6 3. Nc3 Nf6 4. Bb5 a6 5. Bxc6 dxc6 6. Nxe5 Qe7 7. d4 Qe6 8. f4 Bb4 9. Qd3 0-0 10. 0-0 Ng4 11. f5 Nxe5 12. fxe6 Nxd3 13. e7 Bxe7 14. cxd3 f5 15. e5 g5 16. Ne2 h5 17. Ng3 h4 18. Ne2 Kh7 19. Kh1 g4 20. Bf4 h3 21. g3 c5 22. Rfe1 cxd4 23. Nxd4 Bc5 24. Nb3 Ba7 25. e6 b5 26. Bxc7 Bb7+ 27. Re4 fxe4 28. d4 Rfe8 29. Ba5 Rxe6 30. Rf1 Kg6 31. Kg1 e3 32. Re1 Rae8 33. Re2 Bf3 34. Re1 R8e7 35. Bc3 Rd7 36. a3 a5 37. Nc5 Bxc5 38. dxc5 Rd1 39. Bxa5 Rxe1+ 40. Bxe1 Rc6 41. Bb4 e2 42. b3 Re6 43. Kf2 Kf5 44. a4 bxa4 45. bxa4 Re4 46. Be1 Rxa4 47. c6 Ra8 48. c7 Re8 49. Kg1 Ke4 50. Kf2 Kd3 51. Bb4 Kc2 52. Be1 Kd1 53. Bb4 e1Q+ 54. Bxe1 Re2+ 55. Kf1 Rxe1+ 56. Kf2 Re8 57. Kf1 Rc8 58. Kf2 Rxc7 59. Kf1 Rc2 60. Kg1 Rg2+ 61. Kf1 Rxh2 62. Kg1 Rg2+ 63. Kf1 Re2 64. Kg1 Kd2 65. Kf1 Ke3 66. Kg1 h2+ 67. Kf1 h1Q# 0-1

[Event "CZE-ch U12 Girls"]
[Site "Kouty nad Desnou"]
[Date "2017.03.12"]
[Round "2"]
[White "Zemanova, Nikola"]
[Black "Folkova, Marketa"]
[Result "1-0"]
[WhiteElo "1211"]
[BlackElo "1060"]
[PlyCount "45"]
[EventDate "2017.03.11"]
[EventType "swiss"]
[EventRounds "9"]
[EventCountry "CZE"]
[SourceTitle "CBM 177 Extra"]
[Source "ChessBase"]
[SourceDate "2017.04.27"]
[SourceVersion "1"]
[SourceVersionDate "2017.04.27"]
[SourceQuality "1"]

1. e4 e5 2. Nf3 Nc6 3. Bc4 Bc5 4. d3 d6 5. Ng5 Nh6 6. Nc3 0-0 7. Nf3 Qf6 8. Bg5 Qg6 9. h4 Qh5 10. Qe2 Bg4 11. 0-0-0 Nd4 12. Qf1 Nxf3 13. gxf3 Bxf3 14. Rg1 Bxd1 15. Qxd1 Bxf2 16. Qxh5 Bxg1 17. Qf3 Rad8 18. Bxd8 Rxd8 19. Qg3 Bd4 20. Qg5 Re8 21. Nb5 c6 22. Nxd6 Rd8 23. Qxd8# 1-0